| 000 | 00658nam a2200193Ia 4500 | ||
|---|---|---|---|
| 008 | 190805s9999||||xx |||||||||||||| ||und|| | ||
| 020 |
_a9781843116554 _c£ 135.00 |
||
| 082 | 0 | 4 |
_a387.16 _bB47199 |
| 100 | 1 | _aBichou, Khalid | |
| 245 | 1 | 0 |
_aRisk Management in Port Operations, Logistics and Supply Chain Security / _cKhalid Bichou, Michael G. H. Bell and Andrew Evans |
| 260 |
_aOxon : _bInforma Law, _c2007 |
||
| 300 |
_axxxiii, 377 p. _b : ill. _c; 24 cm. |
||
| 490 | 0 | 0 | _aLlyoyd's Practical Shipping Guides |
| 650 | 0 |
_aShipping _xRisk management |
|
| 700 | 1 | _aBell, Michael G. H. | |
| 700 | 1 | _aEvans, Andrew | |
| 942 | _cRT | ||
| 999 |
_c288 _d288 |
||